[Event "16th Asian Games Rapid Women"]
[Site "Guangzhou CHN"]
[Date "2010.11.16"]
[Round "9"]
[White "Dauletova, Gulmira"]
[Black "Pourkashiyan, Atousa"]
[Result "1/2-1/2"]
[WhiteTitle "WIM"]
[BlackTitle "WGM"]
[WhiteElo "2263"]
[BlackElo "2367"]
[WhiteFideId "13702971"]
[BlackFideId "12502014"]
[EventDate "2010.11.13"]

1. e4 e5 2. Nf3 Nf6 3. Nxe5 d6 4. Nf3 Nxe4 5. Nc3 Nxc3 6. dxc3 Be7 7. Be3 Nc6 8.
Qd2 Be6 9. Nd4 Nxd4 10. cxd4 d5 11. Bd3 Qd7 12. h3 Bf5 13. O-O-O Bxd3 14. Qxd3
O-O-O 15. Bf4 h6 16. Rhe1 Rhe8 17. Re2 Bf6 18. Be5 Bxe5 19. dxe5 Qa4 20. Kb1 Re6
21. Qf5 Qe8 22. Rde1 Kb8 23. f4 d4 24. Qd3 Rd5 25. c4 Rd8 26. f5 Re7 27. g4 a6
28. h4 c5 29. g5 hxg5 30. hxg5 Qc6 31. e6 fxe6 32. f6 gxf6 33. gxf6 Rf7 34. Rxe6
Qg2 35. a3 Rff8 36. Qe4 Qxe4+ 37. R1xe4 Rf7 38. Re1 Rff8 39. R1e4 d3 40. Re1 d2
41. Rd1 Rd4 42. b3 Rf4 43. Rxd2 R4xf6 44. Rxf6 Rxf6 45. Kc2 Kc7 1/2-1/2

[Event "16th Asian Games Rapid Women"]
[Site "Guangzhou CHN"]
[Date "2010.11.16"]
[Round "9"]
[White "Nakhbayeva, Guliskhan"]
[Black "Nur, Nabila Azman Hisham"]
[Result "1-0"]
[WhiteTitle "WIM"]
[BlackTitle "WCM"]
[WhiteElo "2209"]
[BlackElo "1845"]
[WhiteFideId "13704788"]
[BlackFideId "5702135"]
[EventDate "2010.11.13"]

1. d4 Nf6 2. c4 g6 3. Nc3 Bg7 4. e4 O-O 5. h3 c5 6. d5 d6 7. Bd3 e6 8. Nf3 exd5
9. cxd5 Re8 10. O-O a6 11. a4 b6 12. Bf4 Ra7 13. Nd2 Nbd7 14. Bxd6 Ne5 15. Bxe5
Rxe5 16. Nc4 Re8 17. Qb3 Rb7 18. Qc2 Nh5 19. f4 Rb8 20. e5 b5 21. axb5 axb5 22.
Nd6 c4 23. Be4 Re7 24. Ncxb5 Rxb5 25. Nxb5 Qb6+ 26. Qf2 Qxb5 27. Ra8 Re8 28. g4
Bf8 29. d6 Ng7 30. Rd1 Bd7 31. Rxe8 Nxe8 32. Bd5 Ng7 33. Qe2 Qb3 34. Kg2 Ne6 35.
Rf1 Qd3 36. Qxd3 cxd3 37. g5 Kg7 38. Kg3 h6 39. h4 hxg5 40. hxg5 Nd4 41. Rd1 Bb5
42. Be4 Nf5+ 43. Kf2 Nxd6 44. exd6 Bxd6 45. Kf3 Bc5 46. Bxd3 Bc6+ 47. Be4 Ba4
48. Rc1 Bd4 49. Rc4 Bd1+ 50. Kg3 Bxb2 51. Rb4 Bc3 52. Rb7 Kf8 53. Bd5 Be1+ 54.
Kg2 Bc2 55. Rxf7+ Ke8 56. Rf6 Bd2 57. Kf3 Kd7 58. Be4 Bd1+ 59. Kg3 Bh5 60. Bxg6 1-0

[Event "16th Asian Games Rapid Women"]
[Site "Guangzhou CHN"]
[Date "2010.11.16"]
[Round "9"]
[White "Nodirjanova, Nodira"]
[Black "Sultana, Sharmin Shirin"]
[Result "1-0"]
[WhiteElo "2149"]
[BlackElo "1998"]
[WhiteFideId "14201232"]
[BlackFideId "10204482"]
[EventDate "2010.11.13"]

1. d4 d5 2. c4 c6 3. Nf3 Nf6 4. e3 Bg4 5. Nc3 e6 6. h3 Bh5 7. g4 Bg6 8. Ne5 Nbd7
9. Nxg6 hxg6 10. cxd5 exd5 11. Bg2 Bd6 12. Bd2 Qe7 13. Qb3 Nf8 14. O-O-O O-O-O
15. Kb1 Kb8 16. Bc1 N8d7 17. f3 Nb6 18. e4 Bb4 19. Rhe1 Qf8 20. a3 Bxc3 21. Qxc3
Rc8 22. e5 Ng8 23. f4 Ne7 24. Qf3 f5 25. Bd2 Re8 26. Bb4 Qg8 27. Rd3 Qh7 28. g5
Qh4 29. Re2 Qh5 30. Qf2 Qh4 31. Qf1 Nd7 32. Rb3 Nf8 33. Rd3 Qh5 34. Qf2 Qh4 35.
Qf1 Nd7 36. Rb3 Nf8 37. e6 Qh7 38. Qc1 Ka8 39. Qf1 Kb8 40. Qc1 Ka8 41. Bxe7 Rxe7
42. Bxd5 Qg8 43. Qc5 Rxe6 44. Bxe6 Nxe6 45. Qe7 Nd8 46. Rbe3 a6 47. Qd7 Qc4 48.
Re1 c5 49. d5 Qd4 50. Re8 Rxe8 51. Qxe8 Qxd5 52. Qxg6 Nc6 53. Qxg7 Nd4 54. Qe5
Qc4 55. Rc1 Qd3+ 56. Ka2 Qb3+ 57. Ka1 Nc2+ 58. Rxc2 Qxc2 1-0

[Event "16th Asian Games Rapid Women"]
[Site "Guangzhou CHN"]
[Date "2010.11.16"]
[Round "9"]
[White "Al-Khelaifi, Salama"]
[Black "Uchida, Narumi"]
[Result "0-1"]
[WhiteTitle "WFM"]
[BlackTitle "WFM"]
[WhiteElo "1761"]
[BlackElo "1834"]
[WhiteFideId "12100048"]
[BlackFideId "7000677"]
[EventDate "2010.11.13"]

1. d4 d5 2. Nc3 Nf6 3. Bg5 e6 4. e4 Be7 5. Bxf6 Bxf6 6. Nf3 b6 7. Bd3 Ba6 8.
Bxa6 Nxa6 9. Qd3 Nb8 10. e5 Be7 11. Ne2 Qd7 12. Nf4 c5 13. c3 Nc6 14. a3 Rc8 15.
O-O O-O 16. Rac1 f5 17. Rfd1 c4 18. Qe2 Nd8 19. h3 Qe8 20. Qe3 g5 21. Ne2 Qg6
22. Ne1 Kh8 23. Qg3 Nf7 24. Nc2 h5 25. f4 h4 26. Qf2 Nh6 27. Ne3 g4 28. Kh1 Kg7
29. Rf1 g3 30. Qe1 Rc7 31. Rf3 Kf7 32. Qd1 Rfc8 33. Qa4 Qg8 34. Qa6 Qd8 35. Rff1
Qd7 36. a4 Rb8 37. Qb5 Rc6 38. Nc2 Rc7 39. Nb4 Qxb5 40. axb5 Bxb4 41. cxb4 Ng8
42. Ng1 Ne7 43. Nf3 Ng6 44. Nd2 Ke7 45. Rf3 Kd7 46. Kg1 Ne7 47. Ra1 Rbc8 48.
Rfa3 Ra8 49. Ra6 Kc8 50. Rxb6 Rb7 51. Rxe6 Kd7 52. Rd6+ Kc7 53. Re6 Kd7 54. Ra5
Kxe6 55. Ra6+ Rb6 56. Ra5 Kd7 57. Kf1 Kc7 58. Nf3 Ng6 59. Ke2 Kd7 60. Ke3 Ke6
61. Ng5+ Ke7 62. Kf3 Rb7 0-1

[Event "16th Asian Games Rapid Women"]
[Site "Guangzhou CHN"]
[Date "2010.11.16"]
[Round "9"]
[White "Ibrahim, Delbak Ismael"]
[Black "Bakri, Alia Anin Azwa"]
[Result "1-0"]
[WhiteTitle "WIM"]
[BlackTitle "WFM"]
[WhiteElo "1929"]
[BlackElo "1953"]
[WhiteFideId "4803116"]
[BlackFideId "5702712"]
[EventDate "2010.11.13"]

1. e4 e6 2. d3 d5 3. Nd2 Nf6 4. Ngf3 Be7 5. g3 c5 6. Bg2 Nc6 7. O-O O-O 8. Re1
Qc7 9. e5 Nd7 10. Qe2 b6 11. c3 Ba6 12. Nf1 Rac8 13. Bf4 Qd8 14. h4 d4 15. c4 b5
16. b3 bxc4 17. bxc4 Qa5 18. h5 Rfe8 19. N1h2 Qa4 20. Ng4 Nb4 21. Ng5 Qc2 22.
Be4 Bxg5 23. Bxg5 Qxe2 24. Rxe2 Nc6 25. Bf4 Ne7 26. Rb2 Rb8 27. Rab1 Rxb2 28.
Rxb2 h6 29. Bd2 Rb8 30. Rxb8+ Nxb8 31. f4 Nd7 32. Nf2 Nb6 33. g4 Bc8 34. Bf3 Bd7
35. Ne4 Bc6 36. Kf2 Nd7 37. Bc1 Ba4 38. Ba3 Nc6 39. Nxc5 Nxc5 40. Bxc5 a6 41. a3
g6 42. hxg6 fxg6 43. Bxd4 Kf7 44. Bc5 Bd1 45. Bb4 h5 46. g5 Bc2 47. Ke3 Bb3 48.
d4 Ke8 49. Kd3 Kd7 50. Be1 Bd1 51. Kc3 Bxf3 52. d5 Be2 1-0

[Event "16th Asian Games Rapid Women"]
[Site "Guangzhou CHN"]
[Date "2010.11.16"]
[Round "9"]
[White "Mohammed Qane, Jannar Worya"]
[Black "Saleh, Nora Mohd"]
[Result "1/2-1/2"]
[WhiteTitle "WFM"]
[BlackTitle "WIM"]
[WhiteElo "1901"]
[BlackElo "1884"]
[WhiteFideId "4802144"]
[BlackFideId "9301607"]
[EventDate "2010.11.13"]

1. d4 d5 2. c4 c6 3. Nf3 Nf6 4. Nc3 a6 5. e3 Bg4 6. h3 Bxf3 7. Qxf3 e6 8. Bd3
Nbd7 9. O-O Bd6 10. cxd5 exd5 11. e4 dxe4 12. Nxe4 Nxe4 13. Qxe4+ Qe7 14. Qxe7+
Kxe7 15. Re1+ Kf8 16. Bf5 Nb6 17. Bd2 h6 18. Bc3 Nd5 19. Bd2 g6 20. Be4 Kg7 21.
Bxd5 cxd5 22. Bc3 Rhe8 1/2-1/2

[Event "16th Asian Games Rapid Women"]
[Site "Guangzhou CHN"]
[Date "2010.11.16"]
[Round "9"]
[White "Khamboo, Monalisa"]
[Black "Al-Zarouni, Kholoud Essa"]
[Result "0-1"]
[BlackTitle "WFM"]
[WhiteElo "1877"]
[BlackElo "1864"]
[WhiteFideId "12300080"]
[BlackFideId "9301194"]
[EventDate "2010.11.13"]

1. d4 d5 2. c4 e6 3. Nc3 c6 4. Bf4 dxc4 5. e3 b5 6. a4 Bb4 7. Nf3 Nf6 8. Qc2 Nd5
9. Bg3 Qa5 10. Be2 Nxc3 11. bxc3 Bxc3+ 12. Kd1 Bxa1 13. axb5 cxb5 14. Qe4 Qa4+
15. Ke1 Bc3+ 16. Kf1 Qa1+ 17. Ne1 Qxe1# 0-1